书目信息 |
| 题名: |
职教征途上的探索
|
|
| 作者: | 俞永生 著 | |
| 分册: | ||
| 出版信息: | 北京 化学工业出版社 2009 |
|
| 页数: | 202页 | |
| 开本: | 24cm | |
| 丛书名: | ||
| 单 册: | ||
| 中图分类: | G719.2-53 | |
| 科图分类: | ||
| 主题词: | 职业教育--中国--文集 , 职业教育 | |
| 电子资源: | ||
| ISBN: | 978-7-122-04826-4 | |
| 000 | 00882nam0 2200229 45 | |
| 005 | 20100303143718.14 | |
| 010 | @a978-7-122-04826-4@dCNY28.00 | |
| 100 | @a20100121d2009 ekmy0chiy0120 ea | |
| 101 | 0 | @achi |
| 102 | @aCN@b110000 | |
| 105 | @ay z 000yy | |
| 106 | @ar | |
| 200 | 1 | @a职教征途上的探索@AZhi Jiao Zheng Tu Shang De Tan Suo@f俞永生著@FYu Yong Sheng Zhu |
| 210 | @a北京@c化学工业出版社@d2009 | |
| 215 | @a202页@d24cm | |
| 330 | @a本书是作者从事职业教育三十多年在不同时期写过的一些有代表性文章的汇编。有哲学的、经济学的、教育学的、管理学的;研究性的、经验性的;微观的、宏观的等,既有短篇,又有长论,从不同方面、层次、角度折射出作者的理论探索、实践思考、办学理念。 | |
| 606 | 0 | @a职业教育@y中国@j文集 |
| 606 | 0 | @a职业教育 |
| 690 | @aG719.2-53@v4 | |
| 701 | 0 | @a俞永生@AYu Yong Sheng@4著 |
| 801 | 0 | @aCN@bTANGWEI@c20100303 |
| 905 | @b0585072-76@dG719.2-53@e23@f5 | |
| 职教征途上的探索/俞永生著.-北京:化学工业出版社,2009 |
| 202页;24cm |
| ISBN 978-7-122-04826-4:CNY28.00 |
| 本书是作者从事职业教育三十多年在不同时期写过的一些有代表性文章的汇编。有哲学的、经济学的、教育学的、管理学的;研究性的、经验性的;微观的、宏观的等,既有短篇,又有长论,从不同方面、层次、角度折射出作者的理论探索、实践思考、办学理念。 |
| ● |
| 相关链接 |
|
|
|
|
正题名:职教征途上的探索
索取号:G719.2-53/23
 
预约/预借
| 序号 | 登录号 | 条形码 | 馆藏地/架位号 | 状态 | 备注 |
| 1 | 0585072 | 205850729 | 第一样本阅览室/ [索取号:G719.2-53/23] | 在馆 | |
| 2 | 0585073 | 205850738 | 第四借阅区/ [索取号:G719.2-53/23] | 在馆 | |
| 3 | 0585074 | 205850747 | 第四借阅区/ [索取号:G719.2-53/23] | 在馆 | |
| 4 | 0585075 | 205850756 | 第四借阅区/ [索取号:G719.2-53/23] | 在馆 | |
| 5 | 0585076 | 205850765 | 教育系资料室/ [索取号:G719.2-53/23] | 在馆 |